Low carbon industrial strategy (Record no. 120775)

MARC details
000 -LEADER
fixed length control field 01145cai a22002055a 4500
001 - CONTROL NUMBER
control field L146880
008 - FIXED-LENGTH DATA ELEMENTS--GENERAL INFORMATION
fixed length control field 090309u xxkao g 000 0 eng d
035 ## - SYSTEM CONTROL NUMBER
System control number (Sirsi) u146880
041 0# - LANGUAGE CODE
Language code of text/sound track or separate title eng
110 2# - MAIN ENTRY--CORPORATE NAME
Corporate name or jurisdiction name as entry element United Kingdom
Subordinate unit Department for Business, Enterprise and Regulatory Reform
9 (RLIN) 5262
245 00 - TITLE STATEMENT
Title Low carbon industrial strategy
Remainder of title a vision
Medium [electronic resource]
520 ## - SUMMARY, ETC.
Summary, etc. Governmental interactive website on "Low carbon industrial strategy", the government plan to reach a low carbon environment. Gives opportunities to professionals and those interested to offer their views on the matter, which will be used to inform development policy. The final strategy will be published in the summer 2009.
590 ## - LOCAL NOTE (RLIN)
Local note KA NTK
651 #4 - SUBJECT ADDED ENTRY--GEOGRAPHIC NAME
Geographic name United Kingdom
Chronological subdivision 1973-
690 ## - LOCAL SUBJECT ADDED ENTRY--TOPICAL TERM (OCLC, RLIN)
Topical term or geographic name as entry element ENVIRONMENTAL AND LAND CONSULTANCY-ENVIRONMENTAL MANAGEMENT
690 ## - LOCAL SUBJECT ADDED ENTRY--TOPICAL TERM (OCLC, RLIN)
Topical term or geographic name as entry element ENVIRONMENTAL AND LAND CONSULTANCY-ENERGY-ENERGY USE-ENERGY EFFICIENCY
710 2# - ADDED ENTRY--CORPORATE NAME
Corporate name or jurisdiction name as entry element United Kingdom
Subordinate unit Department for Energy and Climate Change
9 (RLIN) 5697
856 40 - ELECTRONIC LOCATION AND ACCESS
Uniform Resource Identifier <a href="https://interactive.berr.gov.uk/lowcarbon/">https://interactive.berr.gov.uk/lowcarbon/</a>
Public note View the website free of charge online at interactive.berr.gov.uk...
942 ## - ADDED ENTRY ELEMENTS (KOHA)
Suppress in OPAC 0
Holdings
Withdrawn status Lost status Source of classification or shelving scheme Damaged status Not for loan Home library Current library Shelving location Date acquired Total Checkouts Full call number Barcode Date last seen Copy number Price effective from Koha item type
    Dewey Decimal Classification     Virtual Virtual Online 09/03/2009   ONLINE PUBLICATION 146880-2001 06/08/2019 1 06/08/2019 Online material